[Event "Chess Holiday 2017 K21"]
[Site "Prague"]
[Date "2017.07.27"]
[Round "7"]
[White "Sittinger, Lutz"]
[Black "Vlkova, Anezka"]
[Result "0-1"]
[WhiteElo "1867"]
[BlackElo "1828"]
[PlyCount "80"]
[EventDate "2017.07.23"]
[EventType "tourn"]
[EventRounds "9"]
[EventCountry "CZE"]
[SourceTitle "EXT 2024"]
[Source "ChessBase"]
[SourceDate "2023.10.10"]
[SourceVersion "1"]
[SourceVersionDate "2023.10.10"]
[SourceQuality "1"]

1. e4 c5 2. Nf3 d6 3. d4 cxd4 4. Nxd4 Nf6 5. Nc3 g6 6. Be3 Bg7 7. Be2 0-0 8. 0-0 Nc6 9. Nb3 Be6 10. f4 Qc8 11. Qe1 d5 12. exd5 Nxd5 13. Nxd5 Bxd5 14. c3 Qe6 15. Bd1 b6 16. Nd2 Rac8 17. Bb3 Na5 18. Bf2 Qc6 19. Bxd5 Qxd5 20. Nf3 e6 21. Bd4 Nc4 22. Bxg7 Kxg7 23. b3 Qc5+ 24. Qf2 Ne3 25. Rfc1 Nd5 26. g3 Nxc3 27. Qxc5 Rxc5 28. Rc2 Rfc8 29. Ne5 f6 30. Nc4 Nd5 31. Re2 R8c6 32. Rae1 Kf7 33. a4 b5 34. axb5 Rxb5 35. Ra2 a6 36. Na5 Rcc5 37. Nc4 Rxb3 38. Nd6+ Ke7 39. Rxa6 Nc7 40. Nc8+ Kd8 0-1

[Event "Prague Holiday K11"]
[Site "Prague"]
[Date "2016.07.17"]
[Round "1"]
[White "Pokorny, Jan1111"]
[Black "Sittinger, Lutz"]
[Result "1/2-1/2"]
[WhiteElo "1845"]
[BlackElo "1877"]
[PlyCount "95"]
[EventDate "2016.07.17"]
[EventType "tourn"]
[EventRounds "9"]
[EventCountry "CZE"]
[SourceTitle "EXT 2023"]
[Source "ChessBase"]
[SourceDate "2022.10.05"]
[SourceVersion "1"]
[SourceVersionDate "2022.10.05"]
[SourceQuality "1"]

1. d4 Nf6 2. Nf3 g6 3. c4 Bg7 4. Nc3 d6 5. e4 0-0 6. Be2 Nbd7 7. 0-0 e5 8. d5 Nb6 9. Bg5 h6 10. Be3 c6 11. dxc6 bxc6 12. c5 dxc5 13. Qxd8 Rxd8 14. Nxe5 Nxe4 15. Nxc6 Nxc3 16. bxc3 Re8 17. Bf3 Bf8 18. Na5 Rb8 19. Bf4 Ba6 20. Rfd1 Rbd8 21. Nc6 Rxd1+ 22. Rxd1 Bc4 23. h3 Bxa2 24. Ra1 Bd5 25. Rxa7 Bxf3 26. gxf3 Nd5 27. Be5 Re6 28. c4 Nb6 29. Rc7 Nxc4 30. Bg3 Kg7 31. Nd8 Re7 32. Nc6 Rxc7 33. Bxc7 Nd2 34. Ne5 f6 35. Ba5 Nb3 36. Nc4 Nxa5 37. Nxa5 Bd6 38. Kf1 Kf7 39. Ke2 Ke6 40. Kd3 Kd5 41. Nc4 Be5 42. Ne3+ Kc6 43. Kc4 h5 44. Nd5 g5 45. Ne7+ Kd7 46. Nf5 Bd6 47. Kd5 Bf8 48. Ne3 1/2-1/2

[Event "Prague Holiday M21"]
[Site "Prague"]
[Date "2015.07.31"]
[Round "9"]
[White "Sittinger, Lutz"]
[Black "Hollan, Martin"]
[Result "0-1"]
[WhiteElo "1909"]
[BlackElo "2180"]
[PlyCount "104"]
[EventDate "2015.07.26"]
[EventType "tourn"]
[EventRounds "9"]
[EventCountry "CZE"]
[SourceTitle "EXT 2017"]
[Source "ChessBase"]
[SourceDate "2016.10.25"]
[SourceVersion "1"]
[SourceVersionDate "2016.10.25"]
[SourceQuality "1"]

1. e4 c5 2. Nf3 e6 3. d4 cxd4 4. Nxd4 Nf6 5. Nc3 d6 6. Be3 a6 7. Be2 Qc7 8. 0-0 b5 9. a3 Bb7 10. f3 Be7 11. Qd2 0-0 12. Rad1 Rd8 13. Qe1 Nbd7 14. Bd3 Nc5 15. Qg3 Kh8 16. Nce2 Rac8 17. Rc1 g6 18. b4 Ncd7 19. c4 bxc4 20. Bxc4 Qb8 21. Bb3 Ne5 22. Rfd1 Rxc1 23. Rxc1 Rc8 24. Rxc8+ Qxc8 25. Qe1 d5 26. exd5 Bxd5 27. Bxd5 Nxd5 28. Qc1 Qxc1+ 29. Bxc1 Nb6 30. Nc2 Nd3 31. Be3 Nc4 32. Bd4+ e5 33. Bc3 Kg8 34. Ng3 f5 35. Nf1 Bg5 36. g3 Kf7 37. h4 Bc1 38. a4 Ke6 39. Kg2 Nb6 40. b5 axb5 41. axb5 Kd5 42. Nd2 Kc5 43. Nb3+ Kc4 44. Nxc1 Kxc3 45. Nxd3 Kxd3 46. Nb4+ Ke2 47. Nc6 e4 48. fxe4 fxe4 49. g4 Nc4 50. Kg3 Kd3 51. Nb4+ Kd2 52. b6 Nxb6 0-1

[Event "Prague Holiday M21"]
[Site "Prague"]
[Date "2015.07.28"]
[Round "5"]
[White "Pribyl, Jaroslav1111"]
[Black "Sittinger, Lutz"]
[Result "1-0"]
[WhiteElo "1906"]
[BlackElo "1909"]
[PlyCount "47"]
[EventDate "2015.07.26"]
[EventType "tourn"]
[EventRounds "9"]
[EventCountry "CZE"]
[SourceTitle "EXT 2017"]
[Source "ChessBase"]
[SourceDate "2016.10.25"]
[SourceVersion "1"]
[SourceVersionDate "2016.10.25"]
[SourceQuality "1"]

1. d4 d5 2. Nc3 e6 3. e4 dxe4 4. Nxe4 Nc6 5. Nf3 h6 6. c3 Nf6 7. Bd3 Be7 8. 0-0 0-0 9. Re1 b6 10. Qe2 Bb7 11. Nxf6+ Bxf6 12. Qe4 Re8 13. b3 Qd6 14. Qh7+ Kf8 15. a4 Na5 16. Ba3 c5 17. dxc5 bxc5 18. b4 Nc6 19. Red1 Bxc3 20. Bb5 Qc7 21. Bxc6 Bxc6 22. b5 Bxf3 23. Rd7 g6 24. Qxf7# 1-0

[Event "Prague Holiday M21"]
[Site "Prague"]
[Date "2015.07.28"]
[Round "4"]
[White "Sittinger, Lutz"]
[Black "Andersson, Stefan1111"]
[Result "0-1"]
[WhiteElo "1909"]
[BlackElo "2009"]
[PlyCount "87"]
[EventDate "2015.07.26"]
[EventType "tourn"]
[EventRounds "9"]
[EventCountry "CZE"]
[SourceTitle "EXT 2017"]
[Source "ChessBase"]
[SourceDate "2016.10.25"]
[SourceVersion "1"]
[SourceVersionDate "2016.10.25"]
[SourceQuality "1"]

1. e4 e5 2. Nf3 Nc6 3. Bc4 Bc5 4. Nc3 Nf6 5. 0-0 0-0 6. d3 h6 7. h3 d6 8. Be3 Bb6 9. Bxb6 axb6 10. a3 Ne7 11. d4 exd4 12. Nxd4 Ng6 13. Qd2 Qe7 14. Rae1 Ne5 15. Ba2 Be6 16. Nxe6 fxe6 17. f4 Nf7 18. Nb5 Kh8 19. Nd4 e5 20. Ne6 Rfe8 21. Qc3 exf4 22. Nxf4 Kh7 23. Ne6 c6 24. Qg3 Ne5 25. Qf2 Ra4 26. Qf5+ Kh8 27. Bb3 Ra5 28. Nf4 Nfd7 29. Qe6 Nc5 30. Qxe5 Qxe5 31. Ng6+ Kh7 32. Nxe5 Rxe5 33. Bc4 Ra8 34. Rf7 d5 35. Bd3 dxe4 36. b4 Nxd3 37. cxd3 Rxa3 38. dxe4 Rb3 39. Rxb7 Rxb4 40. Kf2 b5 41. Rc7 c5 42. Kf3 c4 43. Kf4 Re8 44. Rd1 0-1

[Event "Karl Mala Memorial op 14th"]
[Site "Frankfurt"]
[Date "2011.07.08"]
[Round "2"]
[White "Sittinger, Lutz"]
[Black "Prenzler, Daniel"]
[Result "0-1"]
[WhiteElo "1948"]
[BlackElo "2197"]
[PlyCount "68"]
[EventDate "2011.07.07"]
[EventType "swiss"]
[EventRounds "7"]
[EventCountry "GER"]
[SourceTitle "EXT 2012"]
[Source "ChessBase"]
[SourceDate "2011.11.24"]
[SourceVersion "1"]
[SourceVersionDate "2011.11.24"]
[SourceQuality "1"]

1. d4 Nf6 2. c4 c5 3. d5 b5 4. cxb5 a6 5. bxa6 g6 6. Nc3 Bxa6 7. g3 d6 8. Bg2 Bg7 9. Nf3 Nbd7 10. 0-0 Nb6 11. Re1 0-0 12. e4 Nfd7 13. Bf4 Nc4 14. Qc1 Qb6 15. Rb1 Rfb8 16. Na4 Qa5 17. b3 Nce5 18. Nxe5 Nxe5 19. Bxe5 Bxe5 20. Bf1 Bc8 21. Bc4 Bd7 22. Nb2 Qxa2 23. Na4 Bxa4 24. Re2 Qxe2 25. Bxe2 Rxb3 26. Rxb3 Bxb3 27. Qg5 Ra2 28. Bb5 Bf6 29. Qe3 Bd1 30. Bc4 Bd4 31. Qxd4 cxd4 32. Bxa2 d3 33. f4 d2 34. Kf2 Bc2 0-1

[Event "Main Vogelsberg op 6th"]
[Site "Hanau"]
[Date "2011.06.02"]
[Round "2"]
[White "Sittinger, Lutz"]
[Black "Will, Dominik"]
[Result "1/2-1/2"]
[WhiteElo "1765"]
[BlackElo "2018"]
[PlyCount "98"]
[EventDate "2011.06.02"]
[EventType "swiss"]
[EventRounds "7"]
[EventCountry "GER"]
[SourceTitle "CBM 142 Extra"]
[Source "ChessBase"]
[SourceDate "2011.06.27"]
[SourceVersion "1"]
[SourceVersionDate "2011.06.27"]
[SourceQuality "1"]

1. d4 Nf6 2. c4 g6 3. Nc3 Bg7 4. e4 d6 5. f3 0-0 6. Be3 a6 7. Bd3 Nbd7 8. Nge2 c5 9. d5 e6 10. 0-0 exd5 11. cxd5 b5 12. a3 Re8 13. Rc1 b4 14. axb4 cxb4 15. Na2 Nxd5 16. Bd2 Qb6+ 17. Kh1 Ne5 18. Bc2 Ne3 19. Bxe3 Qxe3 20. Nxb4 Bb7 21. Ba4 Rec8 22. Nc3 Rab8 23. Ncd5 Rxc1 24. Nxe3 Rxd1 25. Rxd1 Bh6 26. Ned5 a5 27. Nf6+ Kg7 28. Nbd5 Bg5 29. Ne8+ Kf8 30. Nxd6 Bxd5 31. Rxd5 Rxb2 32. Rd1 h5 33. Rf1 Nd3 34. Bb5 Nf2+ 35. Kg1 Bf4 36. Nc4 Rxb5 37. Rxf2 Rc5 38. Rc2 h4 39. h3 Bg3 40. Kf1 Rb5 41. Ra2 Rb1+ 42. Ke2 Bc7 43. Kd3 Rd1+ 44. Kc2 Rg1 45. Kb3 Kg7 46. Ka4 Kh6 47. Ne3 Re1 48. Nd5 Bd8 49. Kb5 Rg1 1/2-1/2

[Event "Unterfranken-ch M2 62th"]
[Site "Gerolzhofen"]
[Date "2011.04.30"]
[Round "9"]
[White "Simon, Jonathan"]
[Black "Sittinger, Lutz"]
[Result "1/2-1/2"]
[WhiteElo "1694"]
[BlackElo "1765"]
[PlyCount "62"]
[EventDate "2011.04.25"]
[EventType "swiss"]
[EventRounds "9"]
[EventCountry "GER"]
[SourceTitle "EXT 2015"]
[Source "ChessBase"]
[SourceDate "2014.11.20"]
[SourceVersion "1"]
[SourceVersionDate "2014.11.20"]
[SourceQuality "1"]

1. d4 d5 2. c4 e6 3. Nc3 Nf6 4. Bg5 Be7 5. e3 Nbd7 6. Nf3 0-0 7. Rc1 a6 8. cxd5 exd5 9. Bd3 b6 10. Bb1 Bb7 11. 0-0 c5 12. Re1 Re8 13. Bf4 c4 14. h3 b5 15. Qc2 g6 16. g4 b4 17. Ne2 Ne4 18. Nd2 Nxd2 19. Qxd2 Rc8 20. Qd1 a5 21. Bg3 Nf8 22. Kg2 Bd6 23. Bxd6 Qxd6 24. Ng3 Re7 25. f4 Rce8 26. Qf3 Ne6 27. Kf2 a4 28. h4 Qb6 29. Ne2 Ng7 30. Ng3 Ne6 31. Ne2 Ng7 1/2-1/2

[Event "Main Vogelsberg op 4th"]
[Site "Heusenstamm"]
[Date "2009.05.03"]
[Round "6"]
[White "Tran, My Linh"]
[Black "Sittinger, Lutz"]
[Result "1-0"]
[WhiteElo "1813"]
[BlackElo "2010"]
[PlyCount "81"]
[EventDate "2009.04.30"]
[EventType "swiss"]
[EventRounds "7"]
[EventCountry "GER"]
[SourceTitle "CBM 130 Extra"]
[Source "ChessBase"]
[SourceDate "2009.07.02"]
[SourceVersion "2"]
[SourceVersionDate "2009.07.15"]
[SourceQuality "1"]

1. e4 e5 2. Nf3 Nc6 3. Bc4 Bc5 4. c3 d6 5. d3 Bg4 6. Nbd2 Nf6 7. Nf1 0-0 8. h3 Bh5 9. g4 Bg6 10. Bb3 Qd7 11. Ng3 h6 12. Nh4 Bh7 13. Nhf5 Ne7 14. Qf3 Nxf5 15. Nxf5 Bxf5 16. gxf5 Kh7 17. Qg3 Rg8 18. Rg1 c6 19. Bd2 Rae8 20. 0-0-0 d5 21. Bc2 b5 22. Rg2 a5 23. Rdg1 a4 24. Qh4 Bf8 25. Bxh6 gxh6 26. Qxf6 Rxg2 27. Rxg2 dxe4 28. dxe4 h5 29. Kb1 Bh6 30. a3 Rf8 31. f3 Qc7 32. Qh4 Qb6 33. Qxh5 Qe3 34. f6 Qc1+ 35. Ka2 Kh8 36. Rg7 Qd2 37. h4 Qc1 38. Rg5 Kh7 39. Rg4 c5 40. f4 exf4 41. Rg7+ 1-0

[Event "Main Vogelsberg op 4th"]
[Site "Heusenstamm"]
[Date "2009.05.02"]
[Round "5"]
[White "Sittinger, Lutz"]
[Black "Fischer, Ulrich"]
[Result "1-0"]
[WhiteElo "2010"]
[BlackElo "1672"]
[PlyCount "69"]
[EventDate "2009.04.30"]
[EventType "swiss"]
[EventRounds "7"]
[EventCountry "GER"]
[SourceTitle "CBM 130 Extra"]
[Source "ChessBase"]
[SourceDate "2009.07.02"]
[SourceVersion "2"]
[SourceVersionDate "2009.07.15"]
[SourceQuality "1"]

1. d4 d5 2. c4 e6 3. Nc3 c5 4. e3 Nc6 5. cxd5 exd5 6. dxc5 Nf6 7. g3 Bxc5 8. Bg2 d4 9. exd4 Qxd4 10. Qe2+ Be6 11. Be3 Qb4 12. a3 Qa5 13. Bd2 0-0 14. Nf3 Qc7 15. 0-0 Rfe8 16. b4 Bb6 17. Bf4 Qe7 18. Rfe1 Ng4 19. Ne4 Bf5 20. Nh4 Nd4 21. Nf6+ gxf6 22. Qxe7 Rxe7 23. Rxe7 Be6 24. Bc7 Ne2+ 25. Kf1 Bc4 26. Bxb6 Nd4+ 27. Kg1 axb6 28. Bf1 Bxf1 29. Kxf1 Nc6 30. Rxb7 Nxb4 31. Rxb6 Nd5 32. Rd6 Ra5 33. Rd8+ Kg7 34. Nf5+ Kg6 35. Rxd5 1-0

[Event "Main Vogelsberg op 4th"]
[Site "Heusenstamm"]
[Date "2009.05.01"]
[Round "3"]
[White "Sittinger, Lutz"]
[Black "Laubsch, Bernd"]
[Result "0-1"]
[WhiteElo "2010"]
[BlackElo "2310"]
[PlyCount "70"]
[EventDate "2009.04.30"]
[EventType "swiss"]
[EventRounds "7"]
[EventCountry "GER"]
[SourceTitle "CBM 130 Extra"]
[Source "ChessBase"]
[SourceDate "2009.07.02"]
[SourceVersion "2"]
[SourceVersionDate "2009.07.15"]
[SourceQuality "1"]

1. d4 Nf6 2. c4 g6 3. Nc3 d5 4. Nf3 Bg7 5. Bf4 c5 6. dxc5 Qa5 7. Qa4+ Qxa4 8. Nxa4 Na6 9. a3 Ne4 10. Rc1 Bd7 11. Nc3 Nxc3 12. bxc3 dxc4 13. e3 Nxc5 14. Bxc4 b5 15. Bd5 Rc8 16. 0-0 e6 17. Ba2 Nd3 18. Rb1 Nxf4 19. exf4 Rxc3 20. Bb3 Ke7 21. Ne5 Bxe5 22. fxe5 a5 23. a4 bxa4 24. Bd1 Rhc8 25. Be2 a3 26. g3 Bc6 27. Ra1 Bd5 28. h4 a2 29. Rfe1 Kd7 30. Red1 Kc6 31. h5 Kc5 32. hxg6 hxg6 33. Rdc1 Kb4 34. Rd1 Ka3 35. Bf1 Kb2 0-1

[Event "Main Vogelsberg op 4th"]
[Site "Heusenstamm"]
[Date "2009.04.30"]
[Round "1"]
[White "Sittinger, Lutz"]
[Black "Finsel, Manuel"]
[Result "1-0"]
[WhiteElo "2010"]
[BlackElo "1293"]
[PlyCount "55"]
[EventDate "2009.04.30"]
[EventType "swiss"]
[EventRounds "7"]
[EventCountry "GER"]
[SourceTitle "CBM 130 Extra"]
[Source "ChessBase"]
[SourceDate "2009.07.02"]
[SourceVersion "2"]
[SourceVersionDate "2009.07.15"]
[SourceQuality "1"]

1. d4 Nf6 2. c4 g6 3. Nc3 d6 4. e4 Nbd7 5. f3 Bg7 6. Be3 0-0 7. Bd3 Ne8 8. Nge2 e5 9. d5 Nc5 10. Bc2 f5 11. b4 Nd7 12. Qd2 Ndf6 13. 0-0-0 f4 14. Bf2 Qe7 15. Rdg1 c6 16. g4 Bd7 17. h4 Qf7 18. Bb3 cxd5 19. exd5 a6 20. c5 dxc5 21. Bxc5 Rc8 22. g5 Nh5 23. d6 Be6 24. d7 Rd8 25. dxe8Q Qxe8 26. Qc2 Rf7 27. Rd1 Bxb3 28. Qxb3 1-0

[Event "Schweinfurt op"]
[Site "Schweinfurt"]
[Date "2007.05.20"]
[Round "6"]
[White "Sittinger, Lutz"]
[Black "Wilhelm, Holger"]
[Result "1/2-1/2"]
[WhiteElo "2021"]
[BlackElo "1598"]
[PlyCount "68"]
[EventDate "2007.05.17"]
[EventType "swiss"]
[EventRounds "7"]
[EventCountry "GER"]
[SourceTitle "CBM 118 Extra"]
[Source "ChessBase"]
[SourceDate "2007.07.04"]
[SourceVersion "1"]
[SourceVersionDate "2007.07.04"]
[SourceQuality "1"]

1. d4 d5 2. c4 Nf6 3. Nc3 Bf5 4. Nf3 e6 5. Bg5 c6 6. e3 Nbd7 7. Be2 Qb6 8. Qc1 Bb4 9. 0-0 0-0 10. a3 Be7 11. b4 Rfc8 12. c5 Qd8 13. h3 Ne4 14. Bf4 Ndf6 15. Nxe4 Nxe4 16. g4 Bg6 17. Ne5 Bh4 18. Nxg6 hxg6 19. Kg2 Bg5 20. Bh2 f5 21. f3 Nf6 22. f4 Bh4 23. g5 Ne4 24. Bf3 Qd7 25. Bxe4 dxe4 26. Qc4 Qd5 27. Rfc1 Kf7 28. a4 Rcb8 29. Qc2 Ke7 30. b5 Qd8 31. Qc3 Qd5 32. Ra3 Kf7 33. Qa5 Qd7 34. Qb4 Qd8 1/2-1/2